| 000 -LEADER |
| fixed length control field |
01094nam a2200205Ia 4500 |
| 003 - CONTROL NUMBER IDENTIFIER |
| control field |
OSt |
| 005 - DATE AND TIME OF LATEST TRANSACTION |
| control field |
20241119134940.0 |
| 007 - PHYSICAL DESCRIPTION FIXED FIELD--GENERAL INFORMATION |
| fixed length control field |
ca aa aaaaa |
| 008 - FIXED-LENGTH DATA ELEMENTS--GENERAL INFORMATION |
| fixed length control field |
201103s9999 xx 000 0 und d |
| 040 ## - CATALOGING SOURCE |
| Transcribing agency |
SSBUL |
| 041 ## - LANGUAGE CODE |
| Language code of text/sound track or separate title |
bur |
| 082 ## - DEWEY DECIMAL CLASSIFICATION NUMBER |
| Classification number |
၂၉၄.၃၄၄၃၅ အောင် ၉၁၀၇S-SAT |
| Edition number |
23 |
| 100 ## - MAIN ENTRY--PERSONAL NAME |
| Personal name |
အောင်မင်္ဂလာဆရာတော် |
| 9 (RLIN) |
17291 |
| 245 #0 - TITLE STATEMENT |
| Title |
ဝိပဿနာအောင်ဓမ္မဒေသနာကိုယ်တွေ့ဉာဏ်မြင်ဓာတ်ခြောက်ပါးအခြေခံသည့်တရားတော်များ(ဒုတိယတွဲ)/ |
| Statement of responsibility, etc. |
အောင်မင်္ဂလာဆရာတော် |
| 260 ## - PUBLICATION, DISTRIBUTION, ETC. |
| Place of publication, distribution, etc. |
ရန်ကုန် ၊ |
| Name of publisher, distributor, etc. |
ဣစ္ဆာသယပိဋကတ်စာပုံနှိပ်တိုက်၊ |
| Date of publication, distribution, etc. |
၁၉၇၇။ |
| 300 ## - PHYSICAL DESCRIPTION |
| Extent |
ဆ၊ ၅၀၄ စာမျက်နှာ၊ |
| Dimensions |
၁၈ စင်တီ။ |
| 500 ## - GENERAL NOTE |
| General note |
S-SAT: Dr Sai Aung Tun Collection |
| 650 ## - SUBJECT ADDED ENTRY--TOPICAL TERM |
| Topical term or geographic name entry element |
ဝိပဿနာ |
| General subdivision |
တရားတော်များ |
| 9 (RLIN) |
55319 |
| 942 ## - ADDED ENTRY ELEMENTS (KOHA) |
| Source of classification or shelving scheme |
|
| Koha item type |
Book (Short term) |